000 01286 a2200217 4500
005 20080910143652.0
008 080910t xxu||||| |||| 00| 0 hin d
010 _aHIN-80460
020 _c125.00
_a8179320618
035 _aHN-52806
037 _bD.B.Act / pub
082 _a921
100 _aबिस्मिल, रामप्रसाद
245 _aस्वाधीनता की देवीःकैथरिन
_cरामप्रसाद बिस्मिल;संपादक एवं संवर्द्धक,कृष्णबीर सिंह चौहान
260 _aजयपुर
_bसाहित्य चन्द्रिका प्रकाशन
_c2007
270 _a24,न्यू पिंकसिटी मार्केट, सिद्धेश्वर मंदिर के पीछे, पंचवटी,राजापार्क
_bजयपुर
300 _a103पृ
_c22 सेमी(सजिल्द)
700 _aचौहान, कृष्णबीर सिंह
942 _adpl
_cHN
_k921 / कौथरि
_2ddc
_h921
_mकौथरि
999 _c5943
_d5943